Higher education literature : an annotated bibliography /

Saved in:
Bibliographic Details
Main Author: White, Jane N.
Other Authors: Burnett, Collins W., 1914-
Format: Book
Language:English
Published: Phoenix, AZ : Oryx Press, 1981.
Subjects:
LEADER 00997nam a2200265 a 4500
001 c000161321
003 CARM
005 19830902000000.0
008 810716s1981 azu b 001 0 eng
019 1 |a 2060971  |z 12420901  |5 LACONCORD2021 
020 |a 0912700807 
035 |a (OCoLC)7653312  |5 LACONCORD2021 
040 |a LC  |b eng  |c LC  |d ADFA 
050 0 0 |a Z5814.U7  |b W53  |a LB2322 
082 0 4 |a 016.378  |2 19 
100 1 |a White, Jane N. 
245 1 0 |a Higher education literature :  |b an annotated bibliography /  |c edited by Jane N. White and Collins W. Burnett. 
260 |a Phoenix, AZ :  |b Oryx Press,  |c 1981. 
300 |a vii, 177 p. ;  |c 29 cm. 
500 |a Includes indexes. 
650 0 |a Education, Higher  |x Bibliography. 
700 1 |a Burnett, Collins W.,  |d 1914- 
852 8 |b CARM  |h A2:AO09E0  |i D05779  |p 0212782  |f BK 
999 f f |i bd0df581-2a18-52d2-8ee2-200fef6790f5  |s d62dacac-7731-596f-822d-9205603d2ccf 
952 f f |p Can circulate  |a CAVAL  |b CAVAL  |c CAVAL  |d CARM 1 Store  |e D05779  |f A2:AO09E0  |h Other scheme  |i book  |m 0212782